Generace nula / (Záznam č. 34219)

Podrobnosti MARC
000 -Návěští
Řídící pole kódované 24B 01913nam a2200373 i 4500
001 - Kontrolní číslo
Řídící pole proměnné 5232893
003 - Identifikátor kontrolního čísla
Řídící pole proměnné CZ PrSKC
005 - Datum posledního zpracování
Řídící pole 16B 20260428083701.0
007 - Pole pevné délky pro fyzický popis
Řídící pole kódované ta
008 - Údaje pevné délky
Řídící pole kódované 40B 260421s2026 xr g 000 f cze
020 ## - ISBN
ISBN 9788028411138
040 ## - Zdroj katalogizace-agentura
Agentura původní katalogizace ABG001
Jazyk katalogizace cze
Použitá pravidla popisu rda
041 1# - Kód jazyka
Kód jazyka textu/zvuku, mezititulků cze
Kód jazyka originálu swe
072 #7 - Kód předmětové kategorie - Konspekt
Předmětová kategorie 821.11
Zpřesnění předmětové kategorie Germánské literatury
Zdroj předmětové klasifikace Konspekt
080 ## - MDT
Klasifikační znak MDT 821.113.6-31
Idetifikátor vydání MDT MRF
080 ## - MDT
Klasifikační znak MDT (0:82-312.4)
Idetifikátor vydání MDT MRF
100 1# - Hlavní záhlaví - osobní jméno autora
Osobní jméno Ahnhem, Stefan,
Datumy související se jménem 1966-
Kód role aut
9 (RLIN) 5066
240 10 - Unifikovaný název
Unifikovaný název <a href="Generation noll.">Generation noll.</a>
Jazyk díla Česky
245 10 - Údaje o názvu
Název Generace nula /
Údaj o odpovědností, atd. Stefan Ahnhem ; přeložila Vendula Nováková
250 ## - Údaje o vydání
Označení vydání Vydání první
264 #1 - Nakladatelské údaje
Místo vydání Praha :
Nakladatel Euromedia Group,
Rok vydání 2026
300 ## - Fyzický popis
Rozsah 478 stran ;
Rozměry 24 cm
500 ## - Všeobecná poznámka
Text obecné poznámky Obálkový podnázev: nový případ Fabiana Riska
500 ## - Všeobecná poznámka
Text obecné poznámky Přeloženo ze švédštiny
520 2# - Anotace
Anotace, atd. Detektivní román z úspěšné série, ve kterém autor skvěle dokázal reflektovat hrozby současného světa, který se může kdykoli ocitnout na prahu sebezničení.
Rozšířený text anotace Detektiv Fabian Risk tráví léto na plachetnici u jihošvédských břehů se svou dcerou Matildou. Jedné noci z paluby zpozorují, jak se pevnina náhle ponoří do tmy. Po návratu do Helsingborgu čelí Fabianův tým řadě zdánlivě nevysvětlitelných případů, které následovaly po záhadném výpadku proudu. Svědci se chovají podivně a nic nedává smysl. Pak se Fabianovi ozve jeho dávná přítelkyně, jíž se ztratila dcera. Šlo o únos, nebo s tím má něco společného dceřin otec? Při pátrání po dívce začíná Fabian rozeznávat jistý vzorec. Ale stále mu něco uniká. Nakladatelská anotace.
655 #7 - Rejstříkový termín - žánr/forma
Žánr/forma či základní termín švédské romány
655 #7 - Rejstříkový termín - žánr/forma
Žánr/forma či základní termín detektivní romány
655 #9 - Rejstříkový termín - žánr/forma
Žánr/forma či základní termín Swedish fiction
655 #9 - Rejstříkový termín - žánr/forma
Žánr/forma či základní termín detective novels
700 1# - Vedlejší záhlaví - osobní jméno autora
Osobní jméno Nováková, Vendula,
Datumy související se jménem 1981-
Kód role trl
9 (RLIN) 15112
710 2# - Vedlejší záhlaví - jméno korporativního autora
Jméno korporace nebo jurisdikce Euromedia Group
Kód role pbl
9 (RLIN) 20440
910 ## - Údaje o vlastníkovi jednotky (exempláře)
Sigla vlastníka jednotky ABG508
Jednotky
Stav ztráty Zdroj klasifikace pro skladování Stav poškození
  Universal Decimal Classification  

Používáme knihovní systém Koha